| 000 | 00620 a2200205 4500 | ||
|---|---|---|---|
| 999 |
_c5486 _d5486 |
||
| 010 | _aENG-86878 | ||
| 020 |
_c500.00 _a8171640567 |
||
| 035 | _aEN-70411 | ||
| 037 | _bDBAD / PUB | ||
| 082 | 1 | 4 | _a636.0896925 |
| 100 | 1 | _aPrasad, Gaya | |
| 245 | 1 |
_aBluetongue / _cby Gaya Prasad, Minakshi [and] Yashpal Singh Malik |
|
| 260 |
_aNew Delhi _bDIPA, Indian Council of Agricultural Research (ICAR) _c2007 |
||
| 270 |
_aICAR _bNew Delhi |
||
| 300 |
_aix, 162p _c23cm (pbk) |
||
| 500 | _aIncludes index | ||
| 700 | _aMinakshi | ||
| 700 | _aMalik, Yashpal Singh | ||
| 942 |
_adpl _cEN _2ddc _h636.0896925 _mPRA |
||